00887cam a2200229 a 450000100100000000500170001000800410002702000150006804000180008308200140010110000370011524500950015226000450024730000280029265000290032065000230034991000340037204900090040695201120041595201130052799900170064000001460020200929163856.0000828s1994 ck a 000 0 spa  a9583304336 aDO-SdBNPcDLC a306bZ94g1 aZuluaga Gómez, Rodrigo.93305914aLas casas de la cultura :bcentros de concertación ciudadana /cRodrigo Zuluaga Gómez. aMedellín :bEditorial Etcetera,c1994. a192 p. :bil. ;c23 cm. 4aCentros comunales933060 4aColombianos933061 aCatalogación por copia / LC aBNGR 001050718MOaGRbGRcCTd2010-01-15iLF1l0o306 Z94gp14600-10r2020-06-25w2020-06-25y1ZNo se presta 0010507-18MOaPDbPDcOId2017-05-26iLF1l0o306 Z94gp14600-20r2020-06-25w2020-06-25y1ZNo se presta c14186d14186